Kumpulan rencana pilihan STPM prestasi (jilid 1)

Bibliographic Details
Format: Book
Published: Petaling Jaya : Media Intelek , 1984
Subjects:

MARC

LEADER 00000cam a2200000 7i4500
001 0000003061
005 20021118093000.0
008 021118n
090 0 0 |a LB1625   |b .K85 j1 
245 0 0 |a Kumpulan rencana pilihan STPM prestasi (jilid 1) 
260 2 |a Petaling Jaya :   |b Media Intelek ,   |c 1984 
300 |a j1. : 225 ms. ; ;   |c 27 sm. 
650 0 |a Examinations   |z Malaysia 
650 0 |a Malay essays 
999 |a 1000027825   |b Book   |c OPEN SHELF (30 DAYS)   |e Gong Badak Campus 
999 |a 1000027826   |b Book   |c OPEN SHELF (30 DAYS)   |e Gong Badak Campus